[Event "Valasska Bystrice op"]
[Site "Valasska Bystrice"]
[Date "2023.09.14"]
[Round "7"]
[White "Taus, Martin"]
[Black "Slizek, Josef"]
[Result "1-0"]
[WhiteElo "1997"]
[BlackElo "1775"]
[PlyCount "85"]
[EventDate "2023.09.09"]
[EventType "swiss"]
[EventRounds "9"]
[EventCountry "CZE"]
[SourceTitle "CBM 216 Extra"]
[Source "ChessBase"]
[SourceDate "2023.11.30"]
[SourceVersion "1"]
[SourceVersionDate "2023.11.30"]
[SourceQuality "1"]

1. c4 e6 2. Nf3 f5 3. Nc3 c6 4. d4 d5 5. Bf4 Nf6 6. e3 Nbd7 7. Ng5 Qe7 8. c5 e5 9. dxe5 Nxe5 10. Qd4 Nf7 11. b4 a5 12. Na4 Nd7 13. Nxf7 Qxf7 14. b5 Qf6 15. Rb1 Be7 16. Qxf6 Bxf6 17. Bd3 g6 18. bxc6 bxc6 19. Rb6 Ne5 20. Bxe5 Bxe5 21. Rxc6 Bd7 22. Bb5 Ke7 23. Rb6 Bxb5 24. Rxb5 Rhb8 25. Nb6 Ke6 26. a4 Bc3+ 27. Ke2 Ra7 28. Rc1 Bb4 29. Kd3 Rd8 30. Kd4 Rc7 31. h3 Ba3 32. Rc2 Bb4 33. g4 Rc6 34. f4 Rc7 35. g5 Rc6 36. h4 Rb8 37. Nd7 Rbc8 38. Ne5 Ra6 39. Rb7 Raa8 40. Rxh7 Rh8 41. Rxh8 Rxh8 42. Nxg6 Rh5 43. c6 1-0

[Event "Valasska Bystrice op"]
[Site "Valasska Bystrice"]
[Date "2023.09.12"]
[Round "5"]
[White "Taus, Martin"]
[Black "Papan, Cyril"]
[Result "1-0"]
[WhiteElo "1997"]
[BlackElo "1857"]
[PlyCount "81"]
[EventDate "2023.09.09"]
[EventType "swiss"]
[EventRounds "9"]
[EventCountry "CZE"]
[SourceTitle "CBM 216 Extra"]
[Source "ChessBase"]
[SourceDate "2023.11.30"]
[SourceVersion "1"]
[SourceVersionDate "2023.11.30"]
[SourceQuality "1"]

1. e4 c5 2. c3 d5 3. exd5 Qxd5 4. Na3 a6 5. Nf3 Bf5 6. d4 e6 7. Nc4 Qe4+ 8. Be3 Nd7 9. Be2 Rd8 10. 0-0 Ngf6 11. Nfe5 Nxe5 12. Nxe5 Nd5 13. Qa4+ Ke7 14. Bg5+ f6 15. Bd3 Qxd3 16. Nxd3 Bxd3 17. Rfd1 Bb5 18. Qc2 fxg5 19. dxc5 Bc6 20. g3 Re8 21. c4 Nf6 22. b4 Kf7 23. a4 Be7 24. Re1 Bd8 25. Ra3 Re7 26. b5 Bd7 27. Rd3 Ba5 28. Red1 Rc8 29. c6 bxc6 30. bxa6 c5 31. Rd6 Bc7 32. Rxd7 Rxd7 33. Rxd7+ Nxd7 34. Qe4 Ke7 35. a5 Bxa5 36. a7 Nb6 37. Qb7+ Kd8 38. Qa6 Kc7 39. Qxa5 Kb7 40. Kg2 Rc7 41. Qxb6+ 1-0

[Event "Valasska Bystrice op"]
[Site "Valasska Bystrice"]
[Date "2023.09.09"]
[Round "1"]
[White "Taus, Martin"]
[Black "Nespor, Ivan"]
[Result "1-0"]
[WhiteElo "1997"]
[BlackElo "1596"]
[PlyCount "71"]
[EventDate "2023.09.09"]
[EventType "swiss"]
[EventRounds "9"]
[EventCountry "CZE"]
[SourceTitle "CBM 216 Extra"]
[Source "ChessBase"]
[SourceDate "2023.11.30"]
[SourceVersion "1"]
[SourceVersionDate "2023.11.30"]
[SourceQuality "1"]

1. Nf3 Nf6 2. c4 g6 3. Nc3 Bg7 4. g3 c5 5. Bg2 Nc6 6. 0-0 d6 7. d4 cxd4 8. Nxd4 Bd7 9. h3 0-0 10. Nc2 Qc8 11. Kh2 Ne5 12. b3 Neg4+ 13. Kg1 Nxf2 14. Rxf2 Bxh3 15. Qd3 Bxg2 16. Kxg2 Ng4 17. Rf4 Ne5 18. Qd1 Qc6+ 19. Qd5 e6 20. Qxc6 Nxc6 21. Bb2 Be5 22. Rf3 f5 23. Na4 g5 24. Rd1 g4 25. Rff1 Rad8 26. Nd4 Nxd4 27. Bxd4 b6 28. Nc3 Bxd4 29. Rxd4 a6 30. Rfd1 e5 31. Rxd6 Rxd6 32. Rxd6 f4 33. Rxb6 f3+ 34. exf3 Rxf3 35. Nd5 e4 36. Nf6+ 1-0

[Event "Valasska Bystrice op 13th"]
[Site "Valasska Bystrice"]
[Date "2022.09.11"]
[Round "3"]
[White "Taus, Martin"]
[Black "Divis, Jan"]
[Result "1-0"]
[WhiteElo "2010"]
[BlackElo "1505"]
[PlyCount "69"]
[EventDate "2022.09.10"]
[EventType "swiss"]
[EventRounds "9"]
[EventCountry "CZE"]
[SourceTitle "CBM 210 Extra"]
[Source "ChessBase"]
[SourceDate "2022.11.30"]
[SourceVersion "1"]
[SourceVersionDate "2022.11.30"]
[SourceQuality "1"]

1. c4 c5 2. Nf3 Nc6 3. g3 Nf6 4. Nc3 d6 5. Bg2 g6 6. 0-0 Bg7 7. d4 cxd4 8. Nxd4 Nxd4 9. Qxd4 0-0 10. Rd1 Ng4 11. Qd2 Qb6 12. e3 Ne5 13. b3 Nc6 14. Bb2 Be6 15. Rac1 Rad8 16. Nd5 Bxd5 17. cxd5 Bxb2 18. Qxb2 Ne5 19. Rc3 Rc8 20. Rdc1 Rxc3 21. Qxc3 Rd8 22. e4 Ng4 23. Rc2 Nf6 24. Qc7 Qxc7 25. Rxc7 Rd7 26. Rc8+ Kg7 27. Bh3 e6 28. dxe6 fxe6 29. Bxe6 Re7 30. Bd5 Nxd5 31. exd5 Kf6 32. Rc2 Re1+ 33. Kg2 Ke5 34. Rc7 Re2 35. Re7+ 1-0

[Event "Pobeskydy op 41st"]
[Site "Frydek Mistek"]
[Date "2022.04.15"]
[Round "3"]
[White "Macicek, Jakub"]
[Black "Taus, Martin"]
[Result "1-0"]
[WhiteElo "2243"]
[BlackElo "2037"]
[PlyCount "95"]
[EventDate "2022.04.14"]
[EventType "swiss"]
[EventRounds "9"]
[EventCountry "CZE"]
[SourceTitle "CBM 207 Extra"]
[Source "ChessBase"]
[SourceDate "2022.05.31"]
[SourceVersion "1"]
[SourceVersionDate "2022.05.31"]
[SourceQuality "1"]

1. e4 e5 2. Nf3 Nf6 3. Nc3 Bb4 4. d3 d5 5. exd5 Nxd5 6. Bd2 Bg4 7. Be2 0-0 8. 0-0 Nc6 9. a3 Nxc3 10. bxc3 Bc5 11. Ng5 Bxe2 12. Qxe2 h6 13. Nf3 Qf6 14. Be3 Bb6 15. Nd2 Ba5 16. Ne4 Qg6 17. Bc5 Rfe8 18. Rab1 f5 19. Nd2 Bxc3 20. Rxb7 Bd4 21. Bxd4 Nxd4 22. Qd1 Qc6 23. Qb1 Qxc2 24. Qxc2 Nxc2 25. Rc1 Nd4 26. Rcxc7 Ne6 27. Re7 Rxe7 28. Rxe7 Nf4 29. Rxe5 Rd8 30. Rxf5 Rxd3 31. Rxf4 Rxd2 32. h4 Rd3 33. Ra4 Rd7 34. Ra6 Kf7 35. h5 Kf8 36. g4 Rd4 37. f3 Rd7 38. Kf2 Re7 39. a4 Kf7 40. a5 Kf8 41. f4 Kf7 42. Kf3 Kf8 43. f5 Kf7 44. Kf4 Kf8 45. f6 gxf6 46. Rxf6+ Kg7 47. Rg6+ Kh7 48. a6 1-0

[Event "CZE-ch Amateur"]
[Site "Luhacovice"]
[Date "2022.03.17"]
[Round "7"]
[White "Taus, Martin"]
[Black "Pilch, Roman"]
[Result "1/2-1/2"]
[WhiteElo "2017"]
[BlackElo "2136"]
[PlyCount "26"]
[EventDate "2022.03.12"]
[EventType "swiss"]
[EventRounds "9"]
[EventCountry "CZE"]
[SourceTitle "EXT 2023"]
[Source "ChessBase"]
[SourceDate "2022.10.05"]
[SourceVersion "1"]
[SourceVersionDate "2022.10.05"]
[SourceQuality "1"]

1. c4 g6 2. Nf3 Bg7 3. g3 c5 4. Bg2 Nf6 5. 0-0 0-0 6. d4 d6 7. dxc5 dxc5 8. Nc3 Nc6 9. Be3 Qa5 10. Qa4 Qb4 11. Qb5 Be6 12. Bxc5 Qxc4 13. Qxc4 Bxc4 1/2-1/2

[Event "CZE-ch Amateur"]
[Site "Luhacovice"]
[Date "2022.03.16"]
[Round "6"]
[White "Lorenc, Tomas"]
[Black "Taus, Martin"]
[Result "0-1"]
[WhiteElo "2183"]
[BlackElo "2017"]
[PlyCount "94"]
[EventDate "2022.03.12"]
[EventType "swiss"]
[EventRounds "9"]
[EventCountry "CZE"]
[SourceTitle "EXT 2023"]
[Source "ChessBase"]
[SourceDate "2022.10.05"]
[SourceVersion "1"]
[SourceVersionDate "2022.10.05"]
[SourceQuality "1"]

1. c4 Nc6 2. g3 d5 3. Bg2 d4 4. d3 e5 5. Nf3 Nf6 6. Nbd2 Be7 7. 0-0 0-0 8. Rb1 a5 9. a3 a4 10. b4 axb3 11. Qxb3 Re8 12. Ne1 Ra6 13. Nc2 Rb6 14. Qa2 Ra6 15. Rb5 Bf8 16. Ne4 Nxe4 17. Bxe4 f5 18. Bd5+ Kh8 19. Bf7 f4 20. Ne1 Re7 21. Bd5 g5 22. e3 Bh3 23. Ng2 Qc8 24. Qb2 Nd8 25. Be4 Rf7 26. Rxe5 f3 27. Qxd4 Rd6 28. Qc3 Ne6 29. Ne1 Bg7 30. Nxf3 Bxf1 31. Kxf1 Qf8 32. Bb2 g4 33. Qc1 gxf3 34. Rh5 Bxb2 35. Qxb2+ Kg8 36. c5 Ra6 37. Bxb7 Ra5 38. Bd5 Rxc5 39. Re5 Qd6 40. Rxe6 Qxd5 41. Re8+ Rf8 42. Rxf8+ Kxf8 43. Qh8+ Qg8 44. Qf6+ Qf7 45. Qd8+ Kg7 46. Qd4+ Qf6 47. Qd7+ Kf8 0-1

[Event "CZE-ch Amateur"]
[Site "Luhacovice"]
[Date "2022.03.15"]
[Round "5"]
[White "Taus, Martin"]
[Black "Svacina, Tobias"]
[Result "1-0"]
[WhiteElo "2017"]
[BlackElo "1749"]
[PlyCount "47"]
[EventDate "2022.03.12"]
[EventType "swiss"]
[EventRounds "9"]
[EventCountry "CZE"]
[SourceTitle "EXT 2023"]
[Source "ChessBase"]
[SourceDate "2022.10.05"]
[SourceVersion "1"]
[SourceVersionDate "2022.10.05"]
[SourceQuality "1"]

1. e4 e5 2. Nf3 Nc6 3. d4 exd4 4. Bc4 Nf6 5. e5 d5 6. Bb5 Ne4 7. Nxd4 Bd7 8. Bxc6 bxc6 9. 0-0 Bc5 10. f3 Ng5 11. Be3 Bb6 12. f4 Ne4 13. c3 c5 14. Nf3 Bc6 15. a4 a5 16. Kh1 Qd7 17. Nbd2 Nxd2 18. Qxd2 Bxa4 19. e6 fxe6 20. Ne5 Qb5 21. c4 Qb4 22. Qxb4 axb4 23. b3 d4 24. Bd2 1-0

[Event "CZE-chT2F 2122"]
[Site "Czech Republic"]
[Date "2022.02.27"]
[Round "9.2"]
[White "Orzechowski, Jacek"]
[Black "Taus, Martin"]
[Result "1-0"]
[WhiteElo "2134"]
[BlackElo "2015"]
[PlyCount "147"]
[EventDate "2021.10.17"]
[EventType "team-tourn"]
[EventRounds "11"]
[EventCountry "CZE"]
[SourceTitle "EXT 2024"]
[Source "ChessBase"]
[SourceDate "2023.10.10"]
[SourceVersion "1"]
[SourceVersionDate "2023.10.10"]
[SourceQuality "1"]
[WhiteTeam "Dolni Benesov"]
[BlackTeam "Frydek Mistek III"]
[WhiteTeamCountry "CZE"]
[BlackTeamCountry "CZE"]

1. c4 e5 2. g3 Nc6 3. Bg2 Nf6 4. Nc3 d6 5. Nf3 Be6 6. d4 Bxc4 7. Qa4 Bd5 8. e4 Bxe4 9. dxe5 Bxf3 10. Bxf3 Nd7 11. Bxc6 bxc6 12. Qxc6 dxe5 13. 0-0 Bd6 14. Nb5 0-0 15. Nxd6 cxd6 16. Rd1 Nb6 17. Qxd6 Qxd6 18. Rxd6 Rac8 19. b3 Rc2 20. Be3 f5 21. Rc1 Rxa2 22. Bxb6 axb6 23. Rc7 f4 24. Rdd7 Rf6 25. Rd8+ Rf8 26. Rdd7 Rf6 27. Rxg7+ Kh8 28. Rxh7+ Kg8 29. Rcg7+ Kf8 30. Rb7 Kg8 31. Rbg7+ Kf8 32. Rb7 Kg8 33. Rhg7+ Kf8 34. Rgc7 Ra8 35. Kg2 f3+ 36. Kh3 e4 37. Rh7 Kg8 38. Rhe7 Rh6+ 39. Kg4 Rxh2 40. Rxe4 Rxf2 41. Rf4 Rf8 42. Rxb6 Rxf4+ 43. Kxf4 Rf1 44. Ke3 Kf7 45. b4 Kg7 46. b5 Kf7 47. Rb8 Kg7 48. b6 Kh7 49. Rb7+ Kg6 50. Rc7 Rb1 51. Rc6+ Kf5 52. Kxf3 Rb3+ 53. Kg2 Kg4 54. Kf2 Kf5 55. Rh6 Kg5 56. Rd6 Kf5 57. Rd5+ Ke4 58. Rd6 Rb2+ 59. Ke1 Kf3 60. Kd1 Kxg3 61. Kc1 Rb5 62. Kc2 Kf4 63. Kc3 Ke5 64. Kc4 Rb1 65. Rh6 Rc1+ 66. Kb5 Kd5 67. Ka6 Kc5 68. Ka7 Kb5 69. b7 Ra1+ 70. Kb8 Rg1 71. Rh3 Kb6 72. Rb3+ Kc6 73. Rb2 Rh1 74. Ka7 1-0

[Event "CZE-chT2F 2122"]
[Site "Czech Republic"]
[Date "2021.12.05"]
[Round "4.5"]
[White "Taus, Martin"]
[Black "Pan, Vladimir"]
[Result "1/2-1/2"]
[WhiteElo "2015"]
[BlackElo "2004"]
[PlyCount "64"]
[EventDate "2021.10.17"]
[EventType "team-tourn"]
[EventRounds "11"]
[EventCountry "CZE"]
[SourceTitle "EXT 2024"]
[Source "ChessBase"]
[SourceDate "2023.10.10"]
[SourceVersion "1"]
[SourceVersionDate "2023.10.10"]
[SourceQuality "1"]
[WhiteTeam "Frydek Mistek III"]
[BlackTeam "Litovel Tatran"]
[WhiteTeamCountry "CZE"]
[BlackTeamCountry "CZE"]

1. Nf3 Nf6 2. g3 g6 3. b3 Bg7 4. Bb2 0-0 5. Bg2 c5 6. c4 Nc6 7. 0-0 d6 8. d4 cxd4 9. Nxd4 Bd7 10. Nc3 Nxd4 11. Qxd4 Bc6 12. Nd5 Ne8 13. Qd2 Bxb2 14. Qxb2 e6 15. Nc3 Bxg2 16. Kxg2 f5 17. Rad1 Qf6 18. Rd2 a6 19. Rfd1 Rc8 20. Na4 Qxb2 21. Nxb2 Rf7 22. a4 Kf8 23. a5 Rc5 24. b4 Rc8 25. f4 Rfc7 26. Na4 Rxc4 27. Nb6 d5 28. Nxc8 Rxc8 29. Rb1 Nd6 30. Ra2 Ke7 31. Rbb2 Nc4 32. Rb3 Nd6 1/2-1/2

[Event "Plzen op"]
[Site "Plzen"]
[Date "2021.08.29"]
[Round "9"]
[White "Kratky, Josef"]
[Black "Taus, Martin"]
[Result "0-1"]
[WhiteElo "2058"]
[BlackElo "2099"]
[PlyCount "54"]
[EventDate "2021.08.23"]
[EventType "swiss"]
[EventRounds "9"]
[EventCountry "CZE"]
[SourceTitle "CBM 204 Extra"]
[Source "ChessBase"]
[SourceDate "2021.11.30"]
[SourceVersion "1"]
[SourceVersionDate "2021.11.30"]
[SourceQuality "1"]

1. Nf3 d6 2. e4 Nf6 3. Nc3 e5 4. d4 Nbd7 5. Bc4 Be7 6. 0-0 h6 7. Qe2 c6 8. a4 Qc7 9. Rd1 Nf8 10. a5 g5 11. a6 b5 12. Bxb5 cxb5 13. Nxb5 Qb8 14. dxe5 dxe5 15. Qc4 Ne6 16. Qc6+ Bd7 17. Rxd7 Nxd7 18. Nxe5 Qc8 19. Nxa7 Qxc6 20. Nexc6 Bc5 21. Nb5 Nb8 22. Nxb8 Rxb8 23. a7 Ra8 24. Ra4 Kd7 25. b4 Kc6 26. c4 Rhd8 27. Nc3 Rxa7 0-1

[Event "Plzen op"]
[Site "Plzen"]
[Date "2021.08.24"]
[Round "3"]
[White "Chudek, Lubomir"]
[Black "Taus, Martin"]
[Result "1/2-1/2"]
[WhiteElo "1777"]
[BlackElo "2099"]
[PlyCount "141"]
[EventDate "2021.08.23"]
[EventType "swiss"]
[EventRounds "9"]
[EventCountry "CZE"]
[SourceTitle "CBM 204 Extra"]
[Source "ChessBase"]
[SourceDate "2021.11.30"]
[SourceVersion "1"]
[SourceVersionDate "2021.11.30"]
[SourceQuality "1"]

1. e4 e6 2. d4 d5 3. Nd2 a6 4. c3 c5 5. Bd3 cxd4 6. cxd4 dxe4 7. Nxe4 Bb4+ 8. Nc3 Nf6 9. Nf3 Nc6 10. 0-0 0-0 11. Bg5 Be7 12. Bb1 g6 13. a3 b5 14. Ba2 Bb7 15. Re1 Re8 16. Qd2 Rc8 17. Rad1 Na5 18. Qf4 Nh5 19. Bxe7 Nxf4 20. Bxd8 Rexd8 21. Re3 Nc4 22. Bxc4 Rxc4 23. g3 Nd5 24. Nxd5 Bxd5 25. Ne5 Rc2 26. b4 Bb7 27. Kf1 f6 28. Nf3 e5 29. Ke1 e4 30. Ng1 Rc4 31. Ne2 f5 32. Rc3 Rdc8 33. Rxc4 Rxc4 34. Rc1 Rxc1+ 35. Nxc1 Bd5 36. Ne2 Kf7 37. h4 h6 38. Kd2 g5 39. hxg5 hxg5 40. Ke3 Ke6 41. Nc3 Bc6 42. Kd2 f4 43. gxf4 gxf4 44. Ke2 Kf5 45. Kd2 Bb7 46. a4 Bc6 47. a5 Bb7 48. Ke2 Kg4 49. Nd1 Bd5 50. Nc3 Bc4+ 51. Ke1 Kf3 52. d5 e3 53. fxe3 Kxe3 54. d6 Be6 55. Nd1+ Kd4 56. Kd2 Kc4 57. Nc3 Kxb4 58. Nd5+ Kc5 59. Nxf4 Kxd6 60. Kc3 Bc4 61. Kb4 Ke5 62. Ng6+ Kf6 63. Nf4 Kf5 64. Ng2 Bd3 65. Ne3+ Ke4 66. Nd1 Kf3 67. Nc3 Bc4 68. Nxb5 Bxb5 69. Ka3 Ke3 70. Kb2 Kd2 71. Ka1 1/2-1/2

[Event "Pardubice Czech op-A 32nd"]
[Site "Pardubice"]
[Date "2021.07.30"]
[Round "8"]
[White "Schnabel, Ralf"]
[Black "Taus, Martin"]
[Result "1-0"]
[WhiteElo "2235"]
[BlackElo "2105"]
[PlyCount "85"]
[EventDate "2021.07.23"]
[EventType "swiss"]
[EventRounds "9"]
[EventCountry "CZE"]
[SourceTitle "EXT 2022"]
[Source "ChessBase"]
[SourceDate "2021.10.06"]
[SourceVersion "1"]
[SourceVersionDate "2021.10.06"]
[SourceQuality "1"]

1. e4 e6 2. d4 d5 3. Nd2 a6 4. Ngf3 c5 5. exd5 exd5 6. Be2 Nc6 7. 0-0 cxd4 8. Re1 Be7 9. Nb3 Nf6 10. Nbxd4 0-0 11. c3 Re8 12. h3 Ne4 13. Be3 Bf6 14. Qd3 Qd6 15. Rad1 Na5 16. Bf1 Nc4 17. Bc1 b5 18. Re2 Bb7 19. Rde1 Red8 20. g3 b4 21. cxb4 Qxb4 22. b3 Na3 23. Bb2 a5 24. Nc2 Nxc2 25. Qxc2 Rdc8 26. Qb1 Ba6 27. Re3 Bxf1 28. Kxf1 a4 29. Bxf6 Nxf6 30. Kg2 h6 31. Rd1 Qc5 32. b4 Qc4 33. a3 Rc7 34. Qf5 Rac8 35. Ne5 Qa2 36. Ng4 Nxg4 37. hxg4 Rd8 38. Rd4 Qb2 39. Rxd5 Rdc8 40. Rde5 Kf8 41. Qe4 g6 42. Qf4 Kg7 43. Rf3 1-0

[Event "Pardubice Czech op-A 31st"]
[Site "Pardubice"]
[Date "2020.09.27"]
[Round "8"]
[White "Siekanska, Maria"]
[Black "Taus, Martin"]
[Result "1-0"]
[WhiteElo "1828"]
[BlackElo "2142"]
[PlyCount "59"]
[EventDate "2020.09.21"]
[EventType "swiss"]
[EventRounds "9"]
[EventCountry "CZE"]
[SourceTitle "CBM 198 Extra"]
[Source "ChessBase"]
[SourceDate "2020.11.30"]
[SourceVersion "1"]
[SourceVersionDate "2020.11.30"]
[SourceQuality "1"]

1. d4 d6 2. c4 e5 3. d5 Nf6 4. Nc3 Be7 5. e4 Nbd7 6. Bd3 Nf8 7. Bd2 Ng6 8. g3 Bg4 9. f3 Bd7 10. Qe2 c6 11. f4 Bg4 12. Qf2 exf4 13. gxf4 Nxd5 14. Nce2 Nb6 15. 0-0-0 Bf6 16. Nf3 Nd7 17. Rhg1 Nc5 18. Be3 Bxf3 19. Bxc5 Qa5 20. Bxd6 Bxe4 21. Qe3 0-0-0 22. Bxe4 Bxb2+ 23. Kxb2 Rxd6 24. Rxd6 Qb4+ 25. Ka1 Qxd6 26. Qxa7 Rd8 27. Rb1 Qf6+ 28. Rb2 Rd1+ 29. Bb1 Rd2 30. Bf5+ 1-0

[Event "Pardubice Czech op-A 31st"]
[Site "Pardubice"]
[Date "2020.09.26"]
[Round "6"]
[White "Vodicka, Pavel"]
[Black "Taus, Martin"]
[Result "0-1"]
[WhiteElo "1967"]
[BlackElo "2142"]
[PlyCount "72"]
[EventDate "2020.09.21"]
[EventType "swiss"]
[EventRounds "9"]
[EventCountry "CZE"]
[SourceTitle "CBM 198 Extra"]
[Source "ChessBase"]
[SourceDate "2020.11.30"]
[SourceVersion "1"]
[SourceVersionDate "2020.11.30"]
[SourceQuality "1"]

1. d4 d6 2. Nf3 Bg4 3. g3 Nd7 4. Bg2 Ngf6 5. c4 c6 6. Nc3 e5 7. h3 Bh5 8. g4 Bg6 9. d5 Ne4 10. Nd2 Nxc3 11. bxc3 c5 12. h4 h6 13. h5 Bh7 14. Be4 Nf6 15. Qa4+ Qd7 16. Qxd7+ Nxd7 17. Bxh7 Rxh7 18. e4 Be7 19. Ke2 g5 20. hxg6 fxg6 21. Nf1 Nf6 22. f3 h5 23. Rb1 b6 24. gxh5 Rxh5 25. Rg1 Kf7 26. Bg5 Rxg5 27. Rxg5 Nxe4 28. fxe4 Bxg5 29. a4 Rh8 30. a5 Rh4 31. axb6 axb6 32. Rxb6 Rxe4+ 33. Kd3 Re1 34. Rxd6 e4+ 35. Kc2 Rc1+ 36. Kb2 Rxf1 0-1

[Event "CZE-ch"]
[Site "Plzen"]
[Date "2020.08.26"]
[Round "4"]
[White "Taus, Martin"]
[Black "Kawulok, Marek"]
[Result "0-1"]
[WhiteElo "2142"]
[BlackElo "2226"]
[PlyCount "68"]
[EventDate "2020.08.23"]
[EventType "swiss"]
[EventRounds "9"]
[EventCountry "CZE"]
[SourceTitle "CBM 198 Extra"]
[Source "ChessBase"]
[SourceDate "2020.11.30"]
[SourceVersion "1"]
[SourceVersionDate "2020.11.30"]
[SourceQuality "1"]

1. e4 e5 2. Nf3 Nc6 3. d4 exd4 4. Bc4 Nf6 5. e5 d5 6. Bb5 Ne4 7. Nxd4 Bd7 8. Bxc6 bxc6 9. 0-0 Bc5 10. f3 Ng5 11. Be3 Bb6 12. f4 Ne4 13. Nd2 Nxd2 14. Qxd2 c5 15. Nf3 Bc6 16. c3 d4 17. cxd4 Bxf3 18. Rxf3 cxd4 19. Bf2 Qd5 20. a4 a5 21. Qd3 0-0 22. Rh3 g6 23. Bh4 c5 24. Bf6 Bd8 25. Qg3 Bxf6 26. exf6 Qf5 27. Qh4 h5 28. Rg3 Ra6 29. Rg5 Qxf6 30. Qxh5 Re8 31. f5 Qe5 32. fxg6 Qe3+ 33. Kf1 Rf6+ 34. Rf5 fxg6 0-1

[Event "CZE-chT1E 1920"]
[Site "Czech Republic"]
[Date "2020.01.19"]
[Round "6.1"]
[White "Vesely, Martin"]
[Black "Taus, Martin"]
[Result "1-0"]
[WhiteElo "2051"]
[BlackElo "2144"]
[PlyCount "57"]
[EventDate "2019.10.20"]
[EventType "team-tourn"]
[EventRounds "11"]
[EventCountry "CZE"]
[SourceTitle "CBM 194 Extra"]
[Source "ChessBase"]
[SourceDate "2020.03.31"]
[SourceVersion "1"]
[SourceVersionDate "2020.03.31"]
[SourceQuality "1"]
[WhiteTeam "Ostrava"]
[BlackTeam "Frydek Mistek II"]
[WhiteTeamCountry "CZE"]
[BlackTeamCountry "CZE"]

1. d4 d6 2. Nf3 Bg4 3. e4 Nf6 4. Nc3 e6 5. Be2 Be7 6. Be3 0-0 7. h3 Bh5 8. 0-0 d5 9. exd5 exd5 10. Ne5 Bxe2 11. Qxe2 c6 12. Rad1 Qb6 13. Rd3 Na6 14. Bg5 Rfe8 15. Rfd1 Nc7 16. Bxf6 Bxf6 17. Nd7 Qxb2 18. Nxf6+ gxf6 19. Qd2 Re6 20. Rb1 Qa3 21. Rxb7 Qd6 22. Ne2 Rae8 23. Rg3+ Kh8 24. Qh6 Rg8 25. Nf4 Re1+ 26. Kh2 Re4 27. Nh5 Rg6 28. Rxc7 Re8 29. Qf4 1-0

[Event "CZE-ch"]
[Site "Ostrava"]
[Date "2019.04.29"]
[Round "3"]
[White "Jedlicka, Ales"]
[Black "Taus, Martin"]
[Result "1-0"]
[WhiteElo "2236"]
[BlackElo "2104"]
[PlyCount "133"]
[EventDate "2019.04.27"]
[EventType "swiss"]
[EventRounds "9"]
[EventCountry "CZE"]
[SourceTitle "CBM 190 Extra"]
[Source "ChessBase"]
[SourceDate "2019.07.15"]
[SourceVersion "1"]
[SourceVersionDate "2019.07.15"]
[SourceQuality "1"]

1. d4 Nf6 2. c4 c5 3. d5 b5 4. cxb5 a6 5. bxa6 Bxa6 6. Nc3 d6 7. Nf3 g6 8. e4 Bxf1 9. Kxf1 Bg7 10. g3 Nbd7 11. Kg2 Qb6 12. Re1 Ng4 13. h3 Nge5 14. Nxe5 Nxe5 15. Qc2 0-0 16. Re2 Rfb8 17. Rb1 Qb4 18. b3 Qd4 19. Rd2 Nf3 20. Kxf3 Qxc3+ 21. Qxc3 Bxc3 22. Rc2 Bg7 23. Be3 Ra3 24. Re1 Rba8 25. Ree2 Kf8 26. g4 Ke8 27. Kg2 Kd7 28. f4 e6 29. dxe6+ fxe6 30. e5 Bf8 31. exd6 Bxd6 32. Kf3 c4 33. Rxc4 Rxa2 34. Rxa2 Rxa2 35. Ra4 Rb2 36. Ra7+ Bc7 37. Rb7 Kc6 38. Rb4 Bd6 39. Rc4+ Kd5 40. Rd4+ Kc6 41. Rd3 Rh2 42. Kg3 Rb2 43. Bd4 Re2 44. Kf3 Rh2 45. Ke4 Re2+ 46. Re3 Rd2 47. Rc3+ Kd7 48. Be5 Re2+ 49. Re3 Rxe3+ 50. Kxe3 Be7 51. Kd4 Kc6 52. Kc4 Bh4 53. b4 Bg3 54. b5+ Kb6 55. Bd4+ Kc7 56. Be3 Kd6 57. Kd4 h5 58. gxh5 gxh5 59. Ke4 Bh4 60. Bd4 Bg3 61. Be3 Bh2 62. b6 Bg3 63. b7 Kc7 64. Ke5 Kxb7 65. Kxe6 Kc7 66. f5 Kd8 67. f6 1-0